The Tale of Reddy Woodpecker

Saved in:
Bibliographic Details
Main Author: Bailey, Arthur Scott, 1877-1949
Other Authors: Smith, Harry L. (Illustrator)
Format: Electronic eBook
Language:English
Published: Project Gutenberg, 2013
Series:Project Gutenberg 43447
Online Access:http://www.gutenberg.org/etext/43447
Rights
Tags: Add Tag
No Tags, Be the first to tag this record!
Call Number :

MARC

LEADER 00000cam a22000003a 4500
001 67525
003 MY-KLNDU
005 20241219030152.0
008 210402s2013||||xxu|||||s|||||000 | eng d
035 |a (PGUSA)43447 
039 9 |y 202104021603  |z VLOAD 
040 |a PGUSA  |b eng 
042 |a dc 
100 1 |a Bailey, Arthur Scott, 1877-1949 
245 1 4 |a The Tale of Reddy Woodpecker  |h [electronic resource] /  |c by Arthur Scott, 1877-1949 Bailey; illustrated by Harry L. Smith 
260 |b Project Gutenberg,  |c 2013 
500 |a Project Gutenberg 
506 |a Freely available. 
516 |a Electronic text 
599 |a Dummy Record 
700 1 |a Smith, Harry L.,  |e Illustrator 
830 0 |a Project Gutenberg  |v 43447 
856 4 0 |u http://www.gutenberg.org/etext/43447 
856 4 2 |u http://www.gutenberg.org/license  |3 Rights 
999 |a vtls000078051  |c 67525  |d 67525